Central Library OPAC University of Rajshahi

Counter-statement / (Record no. 17928)

MARC details
000 -LEADER
fixed length control field 00721nam a22002651 4500
001 - CONTROL NUMBER
control field 17928
003 - CONTROL NUMBER IDENTIFIER
rucl marc code BD-RjUL
005 - DATE AND TIME OF LATEST TRANSACTION
control field 20211209000219.0
008 - FIXED-LENGTH DATA ELEMENTS--GENERAL INFORMATION
fixed length control field 140219s1953 cau 000 1 eng d
035 ## - SYSTEM CONTROL NUMBER
System control number (BD-RjUL)17986
System control number (OCoLC)327057
040 ## - CATALOGING SOURCE
Original cataloging agency DLC
Transcribing agency ODaWU
Modifying agency OCoLC
-- DLC
-- BD-RjUL
Language of cataloging eng
041 ## - LANGUAGE CODE
Language code of text/sound track or separate title eng
082 00 - DEWEY DECIMAL CLASSIFICATION NUMBER
Classification number 804
Author mark and year BUC 1953
100 1# - MAIN ENTRY--PERSONAL NAME
Personal name Burke, Kenneth,
Dates associated with a name 1897-1993.
9 (RLIN) 54168
245 10 - TITLE STATEMENT
Title Counter-statement /
Statement of responsibility, etc. Kenneth Burke.
250 ## - EDITION STATEMENT
Edition statement 2d ed.
260 ## - PUBLICATION, DISTRIBUTION, ETC. (IMPRINT)
Place of publication, distribution, etc. Los Altos, Calif. :
Name of publisher, distributor, etc. Hermes Publications,
Date of publication, distribution, etc. 1953.
300 ## - PHYSICAL DESCRIPTION
Pagination xvii, 219 p. ;
Size 22 cm.
650 #0 - SUBJECT ADDED ENTRY--TOPICAL TERM
Topical term or geographic name as entry element Literature.
9 (RLIN) 55304
Topical term or geographic name as entry element Criticism.
9 (RLIN) 55305
942 ## - ADDED ENTRY ELEMENTS (KOHA)
Source of classification or shelving scheme Dewey Decimal Classification
Koha item type Books
Holdings
Lost status Source of classification or shelving scheme Damaged status Not for loan Collection code Permanent Location Current Location Shelving location Date acquired Source of acquisition Cost, normal purchase price Total Checkouts Full call number Date last seen Copy number Koha item type
  Dewey Decimal Classification   Not For Loan Fiction Central Library, University of Rajshahi Central Library, University of Rajshahi Reading Room   Blackwell 32.00   804 BUC 1953 19/02/2014 C-1 Books